Statistics for Countries Most Similar To Philippines

Click here to take the quiz!

General Stats

  • This quiz has been taken 77 times
  • The average score is 8 of 20

Answer Stats

RankCountryScore% Correct
1Indonesia71.9
97%
3Malaysia67.0
88%
3Vietnam67.0
79%
15Myanmar64.4
53%
8Mexico65.4
51%
11Colombia65.0
49%
5East Timor66.9
46%
15Peru64.4
41%
9Ecuador65.1
38%
7Panama66.2
38%
13Honduras64.9
34%
18Nicaragua64.3
34%
6Guatemala66.5
32%
2Dominican Republic67.6
29%
11El Salvador65.0
28%
18Bolivia64.3
26%
20Sri Lanka64.2
22%
9Madagascar65.1
13%
15Vanuatu64.4
7%
14Liberia64.6
4%

Score Distribution

Percentile by Number Answered

Percent of People with Each Score

Your Score History

You have not taken this quiz